| 000 | 00777nam a2200205 a 4500 | ||
|---|---|---|---|
| 003 | 0 | ||
| 005 | 20250214162018.0 | ||
| 008 | 130827s19uu xx 00 eng d | ||
| 050 |
_aPGS GV 706.4 _b.P419 2013 |
||
| 100 | _aPeñera Jr., Clodualdo P. | ||
| 245 |
_aAnger management and sports preference of grade 6 students / _cClodualdo P. Peñera Jr. |
||
| 260 |
_aLas Piñas City, Philippines : _bSouthville International School and Colleges, _c2013. |
||
| 300 |
_a28 pages : _billustrations ; _c28 cm. |
||
| 504 | _aIncludes bibliographical references. | ||
| 650 |
_aAnger _vPsychological aspects. |
||
| 650 |
_aSports _vPsychological aspects. |
||
| 650 |
_aAthletic ability _vPsychological aspects. |
||
| 650 | _aEmotional regulation in children. | ||
| 942 |
_2lcc _cPASS |
||
| 999 |
_c98982 _d98982 |
||